Thermodynamics (Record no. 31437)

000 -LEADER
fixed length control field 00596nam a22002174a 4500
001 - CONTROL NUMBER
control field 31437
003 - CONTROL NUMBER IDENTIFIER
control field BD-DhUET
008 - FIXED-LENGTH DATA ELEMENTS--GENERAL INFORMATION
fixed length control field 010119s2002 maua 001 0 eng
020 ## - INTERNATIONAL STANDARD BOOK NUMBER
International Standard Book Number 0072383321
040 ## - CATALOGING SOURCE
Original cataloging agency DLC
Transcribing agency DLC
Modifying agency BD-DhUET
082 ## - DEWEY DECIMAL CLASSIFICATION NUMBER
Classification number 621.01
Item number CEN/2002
100 1# - MAIN ENTRY--PERSONAL NAME
Personal name Çengel, Yunus A.
245 10 - TITLE STATEMENT
Title Thermodynamics
Remainder of title an engineering approach
250 ## - EDITION STATEMENT
Edition statement 4th ed.
260 ## - PUBLICATION, DISTRIBUTION, ETC. (IMPRINT)
Place of publication, distribution, etc. Boston
Name of publisher, distributor, etc. McGraw-Hill
Date of publication, distribution, etc. 2002
300 ## - PHYSICAL DESCRIPTION
Extent xxx, 930 p.
Other physical details ill.
490 1# - SERIES STATEMENT
Series statement McGraw-Hill series in mechanical engineering
650 #0 - SUBJECT ADDED ENTRY--TOPICAL TERM
Topical term or geographic name as entry element Thermodynamics : Engineering
700 1# - ADDED ENTRY--PERSONAL NAME
Personal name Boles, Michael A.
942 ## - ADDED ENTRY ELEMENTS (KOHA)
Koha item type General Book
Holdings
Koha item type Shelving location Koha date last seen Koha full call number Koha normalized classification for sorting Source of classification or shelving scheme Copy number Location (home branch) Damaged status Piece designation (barcode) Not for loan Sublocation or collection (holding branch) Withdrawn status Date acquired Lost status Price effective from
Reading ItemReading section2015-07-01621.01/CEN/2002621_010000000000000_CEN_2002 1Central Library, BUET 96175 Central Library, BUET 2015-07-01 2015-07-01